| 000 | 00352nam a2200145Ia 4500 | ||
|---|---|---|---|
| 008 | 230917s9999||||xx |||||||||||||| ||und|| | ||
| 040 |
_e102157 _aMAIN |
||
| 041 | _aEnglish | ||
| 082 | _a658.3 M294P | ||
| 100 | _aMalhotra ,R K | ||
| 245 | 0 | _aPersonnel management | |
| 260 |
_aNew Delhi _bAnmol Publications _c2003 |
||
| 300 | _a534 p. | ||
| 942 | _cBK | ||
| 999 |
_c122058 _d122058 |
||